[Event "ARG-chT"]
[Site "Villa Martelli"]
[Date "2024.09.14"]
[Round "3.2"]
[White "Gullace, Ezequiel"]
[Black "Faingerch, Sebastian"]
[Result "1-0"]
[WhiteElo "1898"]
[BlackElo "1955"]
[PlyCount "115"]
[EventDate "2024.08.31"]
[EventType "team-swiss"]
[EventRounds "8"]
[EventCountry "ARG"]
[SourceTitle "EXT 2025"]
[Source "ChessBase"]
[SourceDate "2024.10.14"]
[SourceVersion "1"]
[SourceVersionDate "2024.10.14"]
[SourceQuality "1"]
[WhiteTeam "Boca Juniors"]
[BlackTeam "Mar del Plata"]
[WhiteTeamCountry "ARG"]
[BlackTeamCountry "ARG"]

1. d4 Nf6 2. Bf4 d5 3. e3 Bf5 4. c4 c6 5. Nc3 e6 6. Qb3 Qb6 7. c5 Qxb3 8. axb3 Nbd7 9. b4 Nh5 10. b5 e5 11. Bxe5 Nxe5 12. dxe5 g5 13. b4 Bg7 14. Nf3 g4 15. Nd4 Bxe5 16. bxc6 bxc6 17. Ra6 Bd7 18. b5 0-0 19. bxc6 Bc8 20. Ra4 Nf6 21. Bd3 Be6 22. 0-0 Bxd4 23. exd4 Rfc8 24. Ba6 Rc7 25. Nb5 Re7 26. Bb7 Rb8 27. Rxa7 Ne8 28. Rfa1 Nc7 29. Nd6 Kg7 30. Re1 Kf6 31. Ra3 h5 32. Rae3 Ne8 33. Re5 Ng7 34. g3 Rc7 35. Nb5 Re7 36. Nc3 Rd8 37. Nb5 Rb8 38. Nd6 Rc7 39. R1e3 Re7 40. Kf1 Rh8 41. f4 Rc7 42. Nb5 Re7 43. c7 Nf5 44. Re2 h4 45. Bxd5 hxg3 46. Bxe6 fxe6 47. d5 exd5 48. Nd6 Ne3+ 49. R5xe3 Rxe3 50. hxg3 Rf3+ 51. Ke1 Rh1+ 52. Kd2 Ra1 53. c8Q Ra2+ 54. Kd1 Ra1+ 55. Kc2 Ra2+ 56. Kb1 Rxe2 57. Qf8+ Kg6 58. Qf7+ 1-0

[Event "Buenos Aires Szmetan Giardelli op"]
[Site "Buenos Aires"]
[Date "2018.12.10"]
[Round "7"]
[White "Faingerch, Sebastian"]
[Black "Alonso, Rodolfo"]
[Result "1/2-1/2"]
[WhiteElo "1960"]
[BlackElo "2211"]
[PlyCount "38"]
[EventDate "2018.12.04"]
[EventType "swiss"]
[EventRounds "9"]
[EventCountry "ARG"]
[SourceTitle "CBM 187 Extra"]
[Source "ChessBase"]
[SourceDate "2018.11.04"]
[SourceVersion "1"]
[SourceVersionDate "2018.11.04"]
[SourceQuality "1"]

1. e4 e5 2. Nf3 d6 3. d4 Nf6 4. Nc3 Nbd7 5. dxe5 dxe5 6. Bc4 Be7 7. 0-0 0-0 8. Bg5 c6 9. h3 b5 10. Bd3 Qc7 11. a3 Nc5 12. Qe2 Be6 13. Rfd1 a5 14. Qe3 Nxd3 15. cxd3 b4 16. axb4 axb4 17. Ne2 c5 18. g4 Qd6 19. Bh4 Bb3 1/2-1/2

[Event "ARG-chT"]
[Site "Villa Martelli"]
[Date "2018.08.04"]
[Round "5.2"]
[White "Faingerch, Sebastian"]
[Black "Tomeo, Ivan"]
[Result "1-0"]
[WhiteElo "1917"]
[BlackElo "2164"]
[PlyCount "121"]
[EventDate "2018.07.07"]
[EventType "team-swiss"]
[EventRounds "9"]
[EventCountry "ARG"]
[SourceTitle "CBM 187 Extra"]
[Source "ChessBase"]
[SourceDate "2018.11.04"]
[SourceVersion "1"]
[SourceVersionDate "2018.11.04"]
[SourceQuality "1"]
[WhiteTeam "Villa del Parque CC"]
[BlackTeam "Centro Univ CUV"]
[WhiteTeamCountry "ARG"]
[BlackTeamCountry "ARG"]

1. e4 e6 2. d4 d5 3. exd5 exd5 4. Bd3 Nc6 5. c3 Bd6 6. Nd2 Nge7 7. Ndf3 Bg4 8. h3 Bh5 9. Qb3 0-0 10. Be3 Na5 11. Qa4 c6 12. Qc2 Bg6 13. b3 b6 14. h4 Qd7 15. Bxg6 Nxg6 16. h5 Nf4 17. Bxf4 Bxf4 18. Ne2 Rfe8 19. 0-0 Bc7 20. h6 g6 21. Rae1 c5 22. Qd2 Nc6 23. Qg5 Bd8 24. Qd2 Bc7 25. Qg5 Qd8 26. Qd2 Qd6 27. Ng3 Rad8 28. Rxe8+ Rxe8 29. Re1 Rd8 30. Qe3 Qf8 31. Nh5 Rd6 32. Ng7 Rd7 33. Qe8 Re7 34. Qxc6 Rxe1+ 35. Nxe1 Bf4 36. Ne8 Qxh6 37. Nf6+ Kg7 38. Nf3 Bg5 39. Ne8+ Kf8 40. Nd6 Ke7 41. Qe8+ Kxd6 42. Qe5+ Kc6 43. Qxg5 Qf8 44. Qf6+ Kb7 45. Ne5 cxd4 46. cxd4 Qc8 47. Qxf7+ Ka6 48. Nd3 Qc3 49. Qf3 Qxd4 50. Qe2 Kb7 51. g3 g5 52. Kg2 h6 53. Qe3 Qa1 54. Nb4 d4 55. Qe7+ Kc8 56. Qe6+ Kd8 57. Nc6+ Kc7 58. Ne5 Kb7 59. Qc6+ Ka6 60. Qc8+ Ka5 61. b4+ 1-0

[Event "Pan American-ch U16"]
[Site "Santiago de Chile"]
[Date "2018.07.23"]
[Round "3"]
[White "Liu, Aristo S"]
[Black "Faingerch, Sebastian"]
[Result "0-1"]
[WhiteElo "2101"]
[BlackElo "1917"]
[PlyCount "86"]
[EventDate "2018.07.22"]
[EventType "swiss"]
[EventRounds "9"]
[EventCountry "CHI"]
[SourceTitle "EXT 2022"]
[Source "ChessBase"]
[SourceDate "2021.10.06"]
[SourceVersion "1"]
[SourceVersionDate "2021.10.06"]
[SourceQuality "1"]

1. e4 e6 2. d4 d5 3. exd5 exd5 4. Nf3 Nf6 5. h3 h6 6. Be3 Bf5 7. c4 c6 8. Nc3 Nbd7 9. c5 Be7 10. Be2 Ne4 11. 0-0 0-0 12. Rc1 Re8 13. b4 Bf8 14. b5 g5 15. Qa4 Qc7 16. Rfe1 Bg7 17. Qb4 Bg6 18. Nd2 Ng3 19. Bf3 Nf5 20. Nf1 Nf8 21. g3 Ne6 22. Red1 h5 23. Ne2 Nxe3 24. Nxe3 f5 25. Qb3 Rad8 26. Rd2 f4 27. Ng2 fxg3 28. fxg3 Qa5 29. Rc3 Nxc5 30. dxc5 Rxe2 31. Rxe2 Qxc3 32. Qxc3 Bxc3 33. Re7 a6 34. a4 axb5 35. axb5 Bd4+ 36. Kh2 Rb8 37. Re1 Bxc5 38. Rc1 Ba3 39. Rc3 Bb4 40. Rb3 Bd6 41. Rc3 h4 42. Kg1 Bxg3 43. Ne3 cxb5 0-1

[Event "ARG-chT"]
[Site "Villa Martelli"]
[Date "2018.07.07"]
[Round "1.2"]
[White "Faingerch, Sebastian"]
[Black "Varela, Gaston"]
[Result "0-1"]
[WhiteElo "1917"]
[BlackElo "2411"]
[PlyCount "55"]
[EventDate "2018.07.07"]
[EventType "team-swiss"]
[EventRounds "9"]
[EventCountry "ARG"]
[SourceTitle "CBM 187 Extra"]
[Source "ChessBase"]
[SourceDate "2018.11.04"]
[SourceVersion "1"]
[SourceVersionDate "2018.11.04"]
[SourceQuality "1"]
[WhiteTeam "Villa del Parque CC"]
[BlackTeam "Ushuaia Jaque Mate"]
[WhiteTeamCountry "ARG"]
[BlackTeamCountry "ARG"]

1. e4 c5 2. Nf3 e6 3. d3 Nc6 4. g3 Nge7 5. Bg2 g6 6. c3 d5 7. Nbd2 Bg7 8. 0-0 0-0 9. a4 b6 10. Re1 Ba6 11. Qc2 Qc7 12. Nf1 Rfd8 13. exd5 Rxd5 14. Bf4 Qd8 15. d4 cxd4 16. cxd4 Nxd4 17. Nxd4 Rc8 18. Qb3 Rxd4 19. Rad1 Bc4 20. Rxd4 Qxd4 21. Qb4 Nd5 22. Bxd5 Bxd5 23. Qxd4 Bxd4 24. Rc1 Rxc1 25. Bxc1 Bb3 26. a5 bxa5 27. Nd2 Bd5 28. Kf1 0-1

[Event "ARG-chT ART Semillero U21"]
[Site "Villa Martelli"]
[Date "2018.06.09"]
[Round "2.2"]
[White "Leal, Jorge Augusto"]
[Black "Faingerch, Sebastian"]
[Result "0-1"]
[WhiteElo "2079"]
[BlackElo "1917"]
[PlyCount "78"]
[EventDate "2018.06.02"]
[EventType "team-swiss"]
[EventRounds "6"]
[EventCountry "ARG"]
[SourceTitle "EXT 2019"]
[Source "ChessBase"]
[SourceDate "2018.10.10"]
[SourceVersion "1"]
[SourceVersionDate "2018.10.10"]
[SourceQuality "1"]
[WhiteTeam "Republica Martelli U21"]
[BlackTeam "Club Villa del Parque U21"]
[WhiteTeamCountry "ARG"]
[BlackTeamCountry "ARG"]

1. d4 Nf6 2. Nf3 d5 3. g3 e6 4. Bg2 c5 5. e3 Nc6 6. 0-0 Bd6 7. Nbd2 0-0 8. b3 cxd4 9. exd4 Bd7 10. Bb2 Rc8 11. c4 dxc4 12. Nxc4 Be7 13. Qe2 Nb4 14. a3 Nbd5 15. Nce5 Nc3 16. Qd3 Bb5 17. Nc4 Na4 18. Bc1 Nc5 19. Qe3 Nxb3 20. Qxb3 Bxc4 21. Qxb7 Bxf1 22. Bxf1 Rc7 23. Qb2 Nd5 24. Bd2 Qb8 25. Qa2 Nc3 26. Bxc3 Rxc3 27. Qe2 Qc7 28. h4 Bf6 29. Kh2 Rc2 30. Qe3 Qc3 31. Bd3 Rxf2+ 32. Qxf2 Qxa1 33. Qc2 g6 34. h5 Bxd4 35. Qc4 Bg7 36. a4 Qc3 37. Qe4 Rd8 38. Bb1 Qb2+ 39. Kh3 Qc1 0-1

[Event "ARG-ch U16"]
[Site "Villa Martelli"]
[Date "2018.02.12"]
[Round "8.3"]
[White "Faingerch, Sebastian"]
[Black "Falcon, Benjamin"]
[Result "1/2-1/2"]
[WhiteElo "1922"]
[BlackElo "2197"]
[PlyCount "66"]
[EventDate "2018.02.09"]
[EventType "swiss"]
[EventRounds "9"]
[EventCountry "ARG"]
[SourceTitle "EXT 2024"]
[Source "ChessBase"]
[SourceDate "2023.10.10"]
[SourceVersion "1"]
[SourceVersionDate "2023.10.10"]
[SourceQuality "1"]

1. e4 c5 2. Nf3 d6 3. Nc3 Nf6 4. d3 Nc6 5. g3 g6 6. Bg2 Bg7 7. 0-0 0-0 8. h3 e5 9. Be3 Nd4 10. Kh2 Rb8 11. a4 a6 12. Ne2 Nxf3+ 13. Bxf3 Be6 14. c4 Nd7 15. Bg2 f5 16. Qc1 f4 17. gxf4 Qh4 18. f5 gxf5 19. Bg5 Qh5 20. Ng3 Qg6 21. exf5 Bxf5 22. Nxf5 Rxf5 23. Be3 Nf6 24. Rg1 Qh5 25. Qd1 Qh4 26. Bf3 Kh8 27. Bg4 Nxg4+ 28. Qxg4 Qxg4 29. hxg4 Rf7 30. Rab1 a5 31. Kg2 Bf8 32. Rh1 Bg7 33. b4 b5 1/2-1/2

[Event "ARG-ch U16"]
[Site "Villa Martelli"]
[Date "2018.02.12"]
[Round "7.1"]
[White "Prado, Ignacio"]
[Black "Faingerch, Sebastian"]
[Result "1/2-1/2"]
[WhiteElo "1773"]
[BlackElo "1922"]
[PlyCount "92"]
[EventDate "2018.02.09"]
[EventType "swiss"]
[EventRounds "9"]
[EventCountry "ARG"]
[SourceTitle "EXT 2024"]
[Source "ChessBase"]
[SourceDate "2023.10.10"]
[SourceVersion "1"]
[SourceVersionDate "2023.10.10"]
[SourceQuality "1"]

1. c4 Nf6 2. d4 e5 3. d5 Bc5 4. e3 d6 5. Nf3 Bf5 6. Be2 h6 7. a3 a5 8. Nc3 Na6 9. Bd2 c6 10. 0-0 0-0 11. Rc1 Re8 12. dxc6 bxc6 13. Na4 Ne4 14. Nxc5 Naxc5 15. Be1 a4 16. Nd2 Nxd2 17. Bxd2 Nb3 18. Rc3 Nxd2 19. Qxd2 Qf6 20. f3 Red8 21. e4 Be6 22. Rd1 d5 23. cxd5 cxd5 24. exd5 Rxd5 25. Rd3 Rad8 26. Qc3 Rxd3 27. Rxd3 Rc8 28. Qd2 Bb3 29. Rd6 Qe7 30. Bd1 Qa7+ 31. Kh1 Qc7 32. h3 Qc4 33. Be2 Qc1+ 34. Kh2 Qc7 35. Rd7 Qb8 36. Qd6 Be6 37. Qxb8 Rxb8 38. Rd2 Bb3 39. Bd3 g6 40. Bc2 f5 41. Bxb3+ Rxb3 42. Rd6 Kf7 43. Ra6 Rxb2 44. Rxa4 Ra2 45. h4 e4 46. fxe4 fxe4 1/2-1/2

[Event "ARG-ch U16"]
[Site "Villa Martelli"]
[Date "2018.02.11"]
[Round "6.3"]
[White "Koncurat, Tomas"]
[Black "Faingerch, Sebastian"]
[Result "0-1"]
[WhiteElo "1776"]
[BlackElo "1922"]
[PlyCount "174"]
[EventDate "2018.02.09"]
[EventType "swiss"]
[EventRounds "9"]
[EventCountry "ARG"]
[SourceTitle "EXT 2024"]
[Source "ChessBase"]
[SourceDate "2023.10.10"]
[SourceVersion "1"]
[SourceVersionDate "2023.10.10"]
[SourceQuality "1"]

1. d4 Nf6 2. Nf3 g6 3. Bf4 Bg7 4. h3 d6 5. c4 c5 6. dxc5 Qa5+ 7. Nc3 Qxc5 8. e4 Nc6 9. Be2 Be6 10. Qa4 0-0 11. 0-0 Bd7 12. Be3 Qb4 13. Qxb4 Nxb4 14. Rac1 Nc6 15. Rfd1 b6 16. Nd4 Nxd4 17. Bxd4 Bc6 18. f3 Bh6 19. Rc2 Nh5 20. g4 Nf4 21. h4 Nxe2+ 22. Rxe2 f5 23. g5 Bg7 24. Bxg7 Kxg7 25. Nd5 fxe4 26. fxe4 Rf7 27. Rde1 Rd8 28. e5 Bxd5 29. cxd5 dxe5 30. Rxe5 Rd7 31. Kg2 Rc7 32. R1e2 Kf8 33. Kg3 Rc4 34. a3 Rc1 35. Kg2 Rc4 36. Kg3 Rc5 37. R2e3 Rc1 38. Re1 Rxe1 39. Rxe1 Rf5 40. Rd1 Ke8 41. d6 e6 42. Rc1 Rc5 43. Rxc5 bxc5 44. Kf4 Kd7 45. Ke5 c4 46. Kd4 Kxd6 47. Kxc4 Ke5 48. b4 Kf4 49. b5 e5 50. a4 e4 51. a5 e3 52. b6 axb6 53. axb6 e2 54. b7 e1Q 55. b8Q+ Qe5 56. Qf8+ Kg3 57. Qf6 Qc7+ 58. Kd5 Kxh4 59. Ke4 Qc4+ 60. Ke5 Qe2+ 61. Kd5 Qd2+ 62. Ke6 Qxg5 63. Qf2+ Qg3 64. Qf6+ Kh5 65. Qg7 Qe3+ 66. Kd5 h6 67. Kc4 Qe6+ 68. Kd3 g5 69. Qa1 Qf5+ 70. Ke2 Qg4+ 71. Kf2 Qf4+ 72. Kg2 Qd2+ 73. Kg3 Qf4+ 74. Kg2 Kg4 75. Qd1+ Kf5 76. Qd7+ Kg6 77. Qe6+ Kh5 78. Qe8+ Kh4 79. Qe1+ Kg4 80. Qe6+ Kh5 81. Qe8+ Kg4 82. Qe6+ Qf5 83. Qxh6 Qf3+ 84. Kg1 Qg3+ 85. Kh1 Qh3+ 86. Qxh3+ Kxh3 87. Kg1 Kg3 0-1

[Event "ARG-ch U16"]
[Site "Villa Martelli"]
[Date "2018.02.09"]
[Round "2.5"]
[White "Mareco, Facundo"]
[Black "Faingerch, Sebastian"]
[Result "1-0"]
[WhiteElo "1624"]
[BlackElo "1922"]
[PlyCount "109"]
[EventDate "2018.02.09"]
[EventType "swiss"]
[EventRounds "9"]
[EventCountry "ARG"]
[SourceTitle "EXT 2024"]
[Source "ChessBase"]
[SourceDate "2023.10.10"]
[SourceVersion "1"]
[SourceVersionDate "2023.10.10"]
[SourceQuality "1"]

1. e4 e6 2. d4 d5 3. exd5 exd5 4. Bd3 Bd6 5. Nf3 Ne7 6. 0-0 Nd7 7. Re1 Nf6 8. Nbd2 0-0 9. Nf1 Bf5 10. Bg5 Bxd3 11. Bxf6 Be4 12. Be5 Nf5 13. Bxd6 Nxd6 14. Ng3 h6 15. Ne5 Bh7 16. c3 c6 17. Qg4 f5 18. Qd1 f4 19. Nf1 Rf5 20. Nd2 h5 21. Qb3 Kh8 22. Rad1 h4 23. c4 dxc4 24. Ndxc4 Nxc4 25. Qxc4 Bg8 26. Qd3 Qg5 27. Nf3 Qf6 28. Nxh4 Rg5 29. Nf3 Bh7 30. Qb3 Rb5 31. Qc3 Rd8 32. Rd2 Bg8 33. Re5 Qg6 34. h3 Bxa2 35. Rxb5 cxb5 36. Ne5 Qe6 37. Qf3 Qf5 38. Qxb7 Bd5 39. Qxb5 Qe4 40. Qf1 Rc8 41. f3 Qe3+ 42. Qf2 Rc1+ 43. Kh2 Qxf2 44. Rxf2 g5 45. Rd2 Kg7 46. Nd3 Rc4 47. Ne5 Rb4 48. h4 Kf6 49. h5 Rb7 50. Ng4+ Kf7 51. Rc2 Be6 52. Rd2 Bd5 53. h6 Kg6 54. Rc2 Rd7 55. Ne5+ 1-0

[Event "ARG-chT ART Semillero U21"]
[Site "Villa Martelli"]
[Date "2017.06.10"]
[Round "5"]
[White "Rodriguez, Nazareno"]
[Black "Faingerch, Sebastian"]
[Result "0-1"]
[WhiteElo "1488"]
[BlackElo "1787"]
[PlyCount "98"]
[EventDate "2017.05.13"]
[EventType "team-swiss"]
[EventRounds "7"]
[EventCountry "ARG"]
[SourceTitle "EXT 2018"]
[Source "ChessBase"]
[SourceDate "2017.10.13"]
[SourceVersion "1"]
[SourceVersionDate "2017.10.13"]
[SourceQuality "1"]
[WhiteTeam "Tacticos y Estrategas U21"]
[BlackTeam "Club Villa del Parque U21"]
[WhiteTeamCountry "ARG"]
[BlackTeamCountry "ARG"]

1. e4 e6 2. d4 d5 3. exd5 exd5 4. c4 Nf6 5. Nc3 Nc6 6. Nf3 Bg4 7. Bg5 dxc4 8. Qe2+ Qe7 9. Bxf6 gxf6 10. Qxe7+ Bxe7 11. Bxc4 Bxf3 12. gxf3 Nxd4 13. 0-0-0 0-0-0 14. Rde1 Bb4 15. Re3 Bc5 16. Rd3 Ne6 17. Ne4 Rxd3 18. Bxd3 Bd4 19. Rf1 Rd8 20. Bc2 Be5 21. Ng3 Ng5 22. Be4 Bf4+ 23. Kb1 Rd2 24. h4 Nxe4 25. fxe4 Be5 26. Kc1 Rxb2 27. f4 Bd4 28. Nf5 Rb4 29. Rd1 Bc5 30. Rd5 b6 31. e5 Rxf4 32. exf6 Re4 33. Nh6 Be3+ 34. Kd1 Bxh6 35. Rh5 Rd4+ 36. Kc2 Bf4 37. Rxh7 Rd7 38. Rh5 Rd6 39. Rf5 Bh6 40. h5 c6 41. Kc3 Rxf6 42. Rxf6 Bg7 43. h6 Bxf6+ 44. Kc4 Kc7 45. Kd3 Kd6 46. Kc4 b5+ 47. Kd3 c5 48. Kc2 Bh8 49. h7 f5 0-1

[Event "ARG-chT ART Semillero U21"]
[Site "Villa Martelli"]
[Date "2017.05.13"]
[Round "1"]
[White "Faingerch, Sebastian"]
[Black "Pernas, Agustin Baltazar"]
[Result "1/2-1/2"]
[WhiteElo "1787"]
[BlackElo "2169"]
[PlyCount "45"]
[EventDate "2017.05.13"]
[EventType "team-swiss"]
[EventRounds "7"]
[EventCountry "ARG"]
[SourceTitle "EXT 2018"]
[Source "ChessBase"]
[SourceDate "2017.10.13"]
[SourceVersion "1"]
[SourceVersionDate "2017.10.13"]
[SourceQuality "1"]
[WhiteTeam "Club Villa del Parque U21"]
[BlackTeam "Obras AySa U21"]
[WhiteTeamCountry "ARG"]
[BlackTeamCountry "ARG"]

1. e4 c5 2. Nf3 Nc6 3. d3 g6 4. g3 Bg7 5. Bg2 Nf6 6. 0-0 0-0 7. Nbd2 d6 8. Re1 Ng4 9. h3 Nge5 10. Nh2 Nd7 11. f4 Qc7 12. Ndf3 f5 13. Ng5 Nf6 14. exf5 gxf5 15. c3 e5 16. Qb3+ Kh8 17. Ne6 Bxe6 18. Qxe6 Rae8 19. Qxf5 Ne7 20. Qe6 Ned5 21. Qf5 Ne7 22. Qe6 Ned5 23. Qf5 1/2-1/2

[Event "ARG-ch U14"]
[Site "Capilla del Monte"]
[Date "2016.05.25"]
[Round "9.2"]
[White "Faingerch, Sebastian"]
[Black "Petrelli, Luis Mariano"]
[Result "0-1"]
[WhiteElo "1747"]
[BlackElo "1566"]
[PlyCount "82"]
[EventDate "2016.05.21"]
[EventType "tourn"]
[EventRounds "9"]
[EventCountry "ARG"]
[SourceTitle "EXT 2024"]
[Source "ChessBase"]
[SourceDate "2023.10.10"]
[SourceVersion "1"]
[SourceVersionDate "2023.10.10"]
[SourceQuality "1"]

1. e4 e5 2. Nf3 Nc6 3. Bc4 Nf6 4. d3 d5 5. exd5 Nxd5 6. 0-0 Bg4 7. Re1 f6 8. d4 Bxf3 9. Qxf3 Nxd4 10. Qe4 Nb6 11. Bd3 Qd5 12. Qg4 Qd7 13. Qxd7+ Nxd7 14. c3 Nc6 15. Bb5 Ne7 16. Bxd7+ Kxd7 17. Be3 Nd5 18. Rd1 Ke6 19. Bd2 Bc5 20. b4 Bb6 21. Na3 a5 22. Nc2 Rad8 23. c4 Nxb4 24. Bxb4 axb4 25. Rxd8 Rxd8 26. Nxb4 Rd2 27. Rf1 Bc5 28. Nd5 c6 29. Nc3 Bd4 30. Ne4 Rxa2 31. g4 Re2 32. Ng3 Rc2 33. Kg2 Rxc4 34. Nf5 g6 35. Ng3 b5 36. h3 b4 37. Rb1 c5 38. Ne4 h6 39. Kf3 f5 40. Nd2 Rc2 41. Ke2 Bc3 0-1

[Event "ARG-ch U14"]
[Site "Capilla del Monte"]
[Date "2016.05.21"]
[Round "1.5"]
[White "Rillo Badano, Manuel"]
[Black "Faingerch, Sebastian"]
[Result "1/2-1/2"]
[WhiteElo "1756"]
[BlackElo "1747"]
[PlyCount "59"]
[EventDate "2016.05.21"]
[EventType "tourn"]
[EventRounds "9"]
[EventCountry "ARG"]
[SourceTitle "EXT 2024"]
[Source "ChessBase"]
[SourceDate "2023.10.10"]
[SourceVersion "1"]
[SourceVersionDate "2023.10.10"]
[SourceQuality "1"]

1. d4 Nf6 2. Nf3 g6 3. e3 Bg7 4. c4 d6 5. Nc3 Nbd7 6. Be2 0-0 7. 0-0 e5 8. b3 Re8 9. Bb2 h6 10. Rc1 Nh7 11. b4 f5 12. c5 Ndf8 13. cxd6 cxd6 14. Nb5 e4 15. Nd2 Re7 16. a4 a6 17. Nc3 Be6 18. Bc4 d5 19. Ba2 g5 20. Qb3 Nf6 21. a5 Bf7 22. Na4 N8d7 23. Ba3 Re6 24. Nc5 Nxc5 25. Rxc5 Rc6 26. Rfc1 Rac8 27. Rxc6 Rxc6 28. Rxc6 bxc6 29. Qc3 Be8 30. Nb3 1/2-1/2

[Event "ARG-ch sf U14"]
[Site "Villaguay"]
[Date "2016.02.26"]
[Round "7"]
[White "Faingerch, Sebastian"]
[Black "Suarez, Mauricio Josue"]
[Result "1/2-1/2"]
[WhiteElo "1735"]
[BlackElo "1821"]
[PlyCount "25"]
[EventDate "2016.02.23"]
[EventType "swiss"]
[EventRounds "8"]
[EventCountry "ARG"]
[SourceTitle "EXT 2017"]
[Source "ChessBase"]
[SourceDate "2016.10.25"]
[SourceVersion "1"]
[SourceVersionDate "2016.10.25"]
[SourceQuality "1"]

1. e4 e5 2. Nf3 Nc6 3. Bc4 Bc5 4. c3 Nf6 5. d3 d6 6. Bb3 0-0 7. Nbd2 Re8 8. Nf1 Ne7 9. Ng3 Ng6 10. 0-0 Bb6 11. Re1 c6 12. Bc2 h6 13. h3 1/2-1/2

[Event "ARG-ch sf U14"]
[Site "Villaguay"]
[Date "2016.02.24"]
[Round "2"]
[White "Saracho, Franco"]
[Black "Faingerch, Sebastian"]
[Result "1/2-1/2"]
[WhiteElo "1675"]
[BlackElo "1735"]
[PlyCount "64"]
[EventDate "2016.02.23"]
[EventType "swiss"]
[EventRounds "8"]
[EventCountry "ARG"]
[SourceTitle "EXT 2017"]
[Source "ChessBase"]
[SourceDate "2016.10.25"]
[SourceVersion "1"]
[SourceVersionDate "2016.10.25"]
[SourceQuality "1"]

1. e4 e6 2. d4 d5 3. e5 c5 4. c3 Nc6 5. Nf3 Qb6 6. Be2 Nh6 7. Bxh6 Qxb2 8. Be3 Qxa1 9. Qc2 cxd4 10. Nxd4 Nxd4 11. Bxd4 Ba3 12. Bb5+ Kd8 13. 0-0 Qb2 14. Qa4 Bb4 15. a3 b6 16. axb4 Kc7 17. Bd3 Bd7 18. b5 a6 19. Na3 axb5 20. Nxb5+ Bxb5 21. Qxb5 Qxb5 22. Bxb5 Ra5 23. Rb1 Rha8 24. g3 Ra3 25. Bd3 Rb8 26. h4 h6 27. Kg2 Ra5 28. Bb5 Ra3 29. Kf3 Rf8 30. Bd3 Rb8 31. Ke3 Ra5 32. Bb5 Ra3 1/2-1/2

[Event "ARG-ch U16 sf"]
[Site "La Falda"]
[Date "2015.03.20"]
[Round "2"]
[White "Faingerch, Sebastian"]
[Black "Zapata Charles, Santiago"]
[Result "1/2-1/2"]
[WhiteElo "1745"]
[BlackElo "2104"]
[PlyCount "93"]
[EventDate "2015.03.19"]
[EventType "swiss"]
[EventRounds "9"]
[EventCountry "ARG"]
[SourceTitle "EXT 2016"]
[Source "ChessBase"]
[SourceDate "2015.10.08"]
[SourceVersion "1"]
[SourceVersionDate "2015.10.08"]
[SourceQuality "1"]

1. e4 e6 2. d4 d5 3. exd5 exd5 4. Nf3 Nc6 5. Be2 Bd6 6. Nc3 Nge7 7. 0-0 Bg4 8. h3 Bf5 9. a3 h6 10. Be3 0-0 11. Re1 a6 12. Bd3 Qd7 13. Bxf5 Qxf5 14. Nh4 Qf6 15. Nf3 Rad8 16. Ne2 Nf5 17. Qd3 Rfe8 18. Bd2 Re4 19. c3 Rde8 20. b4 Na7 21. a4 Nc8 22. a5 c6 23. Rad1 Na7 24. Nc1 Qg6 25. g4 R8e6 26. Kh1 Ne7 27. Rg1 Qf6 28. Rge1 Ng6 29. Nb3 Nf4 30. Bxf4 Qxf4 31. Rf1 h5 32. Nbd2 hxg4 33. Nxe4 Rxe4 34. Ne5 Bxe5 35. dxe5 Qxe5 36. Rg1 gxh3 37. Qg3 Qxg3 38. Rxg3 Nb5 39. Rxh3 g6 40. Kg2 Kg7 41. Rdd3 Nd6 42. Rhe3 Rg4+ 43. Kf3 Rc4 44. Re7 Kf6 45. Rd7 Ke6 46. Rc7 g5 47. Re3+ 1/2-1/2